01719cam a22004334i 4500003000900000005001700009008004100026020001500067020001800082035002700100040006100127082002200188100002500210245012100235264005500356300003800411336002100449337002500470338002300495504004000518505039000558526001000948526001000958526001000968526001000978526000800988526000800996526000801004526000801012526000801020526000801028526000801036600004501044630004401089630004601133650003701179650003401216650003501250PE-LiUPU20250731172849.0150427s2015 enk rb 000 0 eng d a1783680474 a9781783680474 a(Sirsi) i9781783680474 aNLEbspaerdacNLEdOCLCOdYDXCPdOCLCQdOCLCOdPE-LiUPU04a227.1066bX532231 aXue, Xiaxia,eautor.10aPaul's viewpoint on God, Israel, and the Gentiles in Romans 9-11 :ban intertextual thematic analysis /cXiaxia Xue. 1aCarlisle,Reino Unido :bLangham Monographs,c2015. a303 páginas ;c23 centímetros atext2rdacontent aunmediated2rdamedia avolume2rdacarrier aBibliografía : páginas 289-303.0 aIntroduction -- Research methodology: an intertextual thematic analysis -- An intertextual thematic analysis of Romans 9:1-29: the nature of God and who are God's people -- Paul's critique of Israel: An intertetextual thematic analysis of Romans 9:30 - 10:21 -- Paul's warning to the gentiles and the salvation of all God's people: an intertextual analysis of Romans 11 -- Conclusion. aSEG42 aSEG41 aSEG40 aSEG39 aP94 aP87 aP86 aP85 aP77 aP76 aP3500aPablo,cEl apostol, SantoxEnseñanzas.00aBiblia.pRomanos IX-XIxHermenéutica.00aBiblia.pRomanos IX-XIxLanguaje, estilo. 0aGentiles en el Nuevo Testamento. 0aIsrael (Teología cristiana) 0aJudios en el Nuevo Testamento.